<?xml version="1.0" encoding="UTF-8"?>
<record
    xmlns:xsi="http://www.w3.org/2001/XMLSchema-instance"
    xsi:schemaLocation="http://www.loc.gov/MARC21/slim http://www.loc.gov/standards/marcxml/schema/MARC21slim.xsd"
    xmlns="http://www.loc.gov/MARC21/slim">

  <leader>00373nam a22001097a 4500</leader>
  <controlfield tag="008">150820b        xxu||||| |||| 00| 0 eng d</controlfield>
  <datafield tag="020" ind1=" " ind2=" ">
    <subfield code="a">0716708477</subfield>
  </datafield>
  <datafield tag="082" ind1=" " ind2=" ">
    <subfield code="a">309.173 PIR</subfield>
  </datafield>
  <datafield tag="100" ind1=" " ind2=" ">
    <subfield code="a">PIRAGES, DENNIS C.</subfield>
  </datafield>
  <datafield tag="245" ind1=" " ind2=" ">
    <subfield code="a">ARK II:SOCIAL RESPONSE TO ENVIRONMENTAL IMPRERATIVES</subfield>
    <subfield code="b">SOCIAL RESPONSE TO ENVIRONMENTAL IMPRERATIVES</subfield>
  </datafield>
  <datafield tag="260" ind1=" " ind2=" ">
    <subfield code="a">SAN FRANCISCO</subfield>
    <subfield code="b">W. H. FREEMAN AND COMPANY</subfield>
    <subfield code="c">1974</subfield>
  </datafield>
  <datafield tag="999" ind1=" " ind2=" ">
    <subfield code="c">348</subfield>
    <subfield code="d">348</subfield>
  </datafield>
  <datafield tag="952" ind1=" " ind2=" ">
    <subfield code="0">0</subfield>
    <subfield code="1">0</subfield>
    <subfield code="2">ddc</subfield>
    <subfield code="4">0</subfield>
    <subfield code="6">309_173000000000000_PIR</subfield>
    <subfield code="7">0</subfield>
    <subfield code="9">16631</subfield>
    <subfield code="a">1000</subfield>
    <subfield code="b">1000</subfield>
    <subfield code="d">2017-03-08</subfield>
    <subfield code="l">0</subfield>
    <subfield code="o">309.173 PIR</subfield>
    <subfield code="r">2019-07-29</subfield>
    <subfield code="w">2017-03-08</subfield>
    <subfield code="y">BOOKS</subfield>
  </datafield>
</record>
